[Event "WCO2014"]
[Site "Tromso"]
[Date "2014.08.12"]
[Round "10.18"]
[WhiteID "14102463"]
[White "Alexandrova Olga"]
[BlackID "8603006"]
[Black "Ju Wenjun"]
[Result "1/2-1/2"]
[LiveChessVersion "1.4.3"]
[BlackElo "2559"]
[WhiteElo "2424"]

1. d4 {[%clk 1:30:59]} d6 {[%clk 1:30:34]} 2. e4 {[%clk 1:31:25]} Nf6
{[%clk 1:30:46]} 3. Nd2 {[%clk 1:31:51]} g6 {[%clk 1:21:27]} 4. Ngf3
{[%clk 1:31:50]} Bg7 {[%clk 1:21:43]} 5. Bd3 {[%clk 1:31:37]} O-O
{[%clk 1:21:39]} 6. O-O {[%clk 1:31:52]} Nc6 {[%clk 1:21:57]} 7. c3
{[%clk 1:32:02]} e5 {[%clk 1:21:54]} 8. dxe5 {[%clk 1:25:13]} Nxe5
{[%clk 1:19:10]} 9. Nxe5 {[%clk 1:16:59]} dxe5 {[%clk 1:19:37]} 10. Be2
{[%clk 1:07:56]} Be6 {[%clk 1:14:59]} 11. Qc2 {[%clk 1:08:01]} c6
{[%clk 1:06:01]} 12. Nc4 {[%clk 1:05:43]} Qc7 {[%clk 1:05:27]} 13. a4
{[%clk 1:01:49]} Nh5 {[%clk 1:02:34]} 14. Bxh5 {[%clk 0:59:17]} Bxc4
{[%clk 1:02:53]} 15. Be2 {[%clk 0:59:40]} Be6 {[%clk 1:03:12]} 16. Be3
{[%clk 0:57:40]} Rfd8 {[%clk 1:00:15]} 17. Rfd1 {[%clk 0:57:03]} Bf8
{[%clk 0:58:11]} 18. Rxd8 {[%clk 0:55:27]} Rxd8 {[%clk 0:58:36]} 19. Rd1
{[%clk 0:55:34]} a6 {[%clk 0:53:44]} 20. Rxd8 {[%clk 0:40:09]} Qxd8
{[%clk 0:54:09]} 21. Qd1 {[%clk 0:40:06]} Be7 {[%clk 0:49:43]} 22. Qxd8+
{[%clk 0:39:40]} Bxd8 {[%clk 0:50:09]} 23. Bd1 {[%clk 0:39:20]} f6
{[%clk 0:49:19]} 24. Bc2 {[%clk 0:39:05]} Kf7 {[%clk 0:49:38]} 25. f3
{[%clk 0:36:43]} h5 {[%clk 0:45:13]} 26. Kf2 {[%clk 0:33:49]} Bc7
{[%clk 0:44:05]} 27. g3 {[%clk 0:29:38]} f5 {[%clk 0:41:31]} 28. exf5
{[%clk 0:28:19]} Bxf5 {[%clk 0:41:29]} 29. Be4 {[%clk 0:25:15]} Be6
{[%clk 0:41:06]} 30. Bc2 {[%clk 0:25:18]} Bf5 {[%clk 0:40:29]} 31. Be4
{[%clk 0:25:43]} Be6 {[%clk 0:40:55]} 32. Bc2 {[%clk 0:26:10]} Bf5
{[%clk 0:41:21]} 1/2-1/2

[Event "WCO2014"]
[Site "Tromso"]
[Date "2014.08.12"]
[Round "10.19"]
[WhiteID "8603642"]
[White "Tan Zhongyi"]
[BlackID "13601377"]
[Black "Matnadze Ana"]
[Result "0-1"]
[LiveChessVersion "1.4.3"]
[BlackElo "2385"]
[WhiteElo "2468"]

1. d4 {[%clk 1:30:55]} Nf6 {[%clk 1:30:54]} 2. c4 {[%clk 1:31:15]} e6
{[%clk 1:31:14]} 3. g3 {[%clk 1:31:37]} d5 {[%clk 1:31:24]} 4. Bg2
{[%clk 1:31:55]} g6 {[%clk 1:31:49]} 5. Nf3 {[%clk 1:32:16]} Bg7 {[%clk 1:32:14]}
6. O-O {[%clk 1:32:40]} O-O {[%clk 1:32:38]} 7. Nc3 {[%clk 1:32:52]} Na6
{[%clk 1:32:41]} 8. Rb1 {[%clk 1:26:48]} c5 {[%clk 1:27:17]} 9. dxc5
{[%clk 1:26:22]} Nxc5 {[%clk 1:26:51]} 10. Bg5 {[%clk 1:26:25]} dxc4
{[%clk 1:24:19]} 11. Qxd8 {[%clk 1:23:39]} Rxd8 {[%clk 1:24:47]} 12. Ne5
{[%clk 1:23:07]} h6 {[%clk 1:24:03]} 13. Be3 {[%clk 1:09:16]} Nd5
{[%clk 1:14:48]} 14. Rfd1 {[%clk 1:09:37]} Bxe5 {[%clk 1:12:44]} 15. Bxc5
{[%clk 1:10:01]} Bd7 {[%clk 1:07:54]} 16. Nxd5 {[%clk 1:10:08]} exd5
{[%clk 1:08:18]} 17. Bxd5 {[%clk 1:07:30]} Bf5 {[%clk 1:03:52]} 18. Rbc1
{[%clk 1:03:12]} Bxb2 {[%clk 0:56:46]} 19. Rxc4 {[%clk 1:03:37]} Be6
{[%clk 0:49:19]} 20. e4 {[%clk 1:03:58]} Rac8 {[%clk 0:44:29]} 21. Be7
{[%clk 1:03:34]} Rxc4 {[%clk 0:42:18]} 22. Bxd8 {[%clk 1:03:58]} Rc2
{[%clk 0:31:46]} 23. Kg2 {[%clk 0:45:23]} Bg4 {[%clk 0:27:40]} 24. Rd3
{[%clk 0:44:31]} Be2 {[%clk 0:26:29]} 25. Rb3 {[%clk 0:44:41]} b6
{[%clk 0:23:50]} 26. Bc7 {[%clk 0:41:47]} g5 {[%clk 0:17:37]} 27. Bd6
{[%clk 0:35:51]} Bd4 {[%clk 0:17:05]} 28. Rb4 {[%clk 0:30:14]} Rd2
{[%clk 0:08:50]} 29. g4 {[%clk 0:30:36]} a5 {[%clk 0:08:02]} 30. Rb1
{[%clk 0:27:59]} Bxg4 {[%clk 0:07:55]} 31. Bg3 {[%clk 0:28:02]} h5
{[%clk 0:07:46]} 32. h4 {[%clk 0:28:06]} gxh4 {[%clk 0:07:02]} 33. Bxh4
{[%clk 0:28:31]} Kg7 {[%clk 0:05:24]} 34. Rc1 {[%clk 0:28:43]} Bc5
{[%clk 0:05:09]} 35. Rc3 {[%clk 0:26:45]} f5 {[%clk 0:05:07]} 36. Bg3
{[%clk 0:26:02]} f4 {[%clk 0:05:32]} 37. Bxf4 {[%clk 0:24:09]} Rxf2+
{[%clk 0:05:54]} 38. Kg3 {[%clk 0:24:36]} Re2 {[%clk 0:03:42]} 39. Be5+
{[%clk 0:24:33]} Kg6 {[%clk 0:03:57]} 40. a4 {[%clk 0:21:15]} Bd7
{[%clk 0:03:18]} 41. Rf3 {[%clk 0:21:18]} Bg1 {[%clk 0:22:56]} 42. Kh4
{[%clk 0:33:45]} Bf2+ {[%clk 0:22:32]} 43. Bg3 {[%clk 0:34:09]} Bxg3+
{[%clk 0:21:14]} 44. Rxg3+ {[%clk 0:33:56]} Kf6 {[%clk 0:16:57]} 45. Rf3+
{[%clk 0:34:01]} Ke5 {[%clk 0:17:08]} 46. Rf7 {[%clk 0:25:00]} Bxa4
{[%clk 0:17:03]} 47. Rb7 {[%clk 0:25:27]} Bc2 {[%clk 0:15:15]} 48. Rxb6
{[%clk 0:25:45]} Bxe4 {[%clk 0:14:08]} 49. Bc4 {[%clk 0:24:40]} Rc2
{[%clk 0:14:00]} 50. Bb3 {[%clk 0:23:30]} Rb2 {[%clk 0:13:35]} 51. Kxh5
{[%clk 0:22:30]} a4 {[%clk 0:12:50]} 52. Re6+ {[%clk 0:14:09]} Kf5
{[%clk 0:13:15]} 0-1

[Event "WCO2014"]
[Site "Tromso"]
[Date "2014.08.12"]
[Round "10.20"]
[WhiteID "22200371"]
[White "Aranaz Murillo Amalia"]
[BlackID "8604002"]
[Black "Guo Qi"]
[Result "1/2-1/2"]
[LiveChessVersion "1.4.3"]
[BlackElo "2453"]
[WhiteElo "2314"]

1. c4 {[%clk 1:30:51]} e5 {[%clk 1:30:34]} 2. g3 {[%clk 1:30:25]} Nf6
{[%clk 1:30:46]} 3. Bg2 {[%clk 1:30:37]} c6 {[%clk 1:31:06]} 4. Nc3
{[%clk 1:29:21]} d5 {[%clk 1:31:13]} 5. d4 {[%clk 1:29:25]} exd4 {[%clk 1:30:49]}
6. Qxd4 {[%clk 1:28:35]} dxc4 {[%clk 1:29:53]} 7. Qxc4 {[%clk 1:17:39]} Be6
{[%clk 1:29:09]} 8. Qa4 {[%clk 1:17:41]} Nbd7 {[%clk 1:27:23]} 9. Nf3
{[%clk 1:15:23]} Nb6 {[%clk 1:24:51]} 10. Qc2 {[%clk 1:15:20]} Qc8
{[%clk 1:21:22]} 11. Ng5 {[%clk 1:07:38]} Be7 {[%clk 1:13:48]} 12. Nxe6
{[%clk 1:05:34]} Qxe6 {[%clk 1:14:12]} 13. O-O {[%clk 1:05:55]} O-O
{[%clk 1:14:28]} 14. a3 {[%clk 0:55:56]} Rad8 {[%clk 1:12:32]} 15. b3
{[%clk 0:52:02]} Nfd5 {[%clk 1:05:42]} 16. Nxd5 {[%clk 0:45:13]} Nxd5
{[%clk 1:06:05]} 17. e4 {[%clk 0:44:18]} Nc7 {[%clk 1:05:58]} 18. a4
{[%clk 0:40:21]} Bf6 {[%clk 0:53:21]} 19. Rb1 {[%clk 0:39:10]} Qe7
{[%clk 0:47:00]} 20. Kh1 {[%clk 0:33:47]} Na6 {[%clk 0:45:19]} 21. f4
{[%clk 0:27:53]} Nb4 {[%clk 0:42:11]} 22. Qc4 {[%clk 0:27:30]} Bd4
{[%clk 0:41:41]} 23. Rd1 {[%clk 0:23:07]} Qc5 {[%clk 0:37:28]} 24. Ba3
{[%clk 0:21:31]} a5 {[%clk 0:37:12]} 25. Qe2 {[%clk 0:17:31]} Rfe8
{[%clk 0:36:51]} 26. Rbc1 {[%clk 0:17:23]} Qe7 {[%clk 0:35:24]} 27. Qh5
{[%clk 0:15:56]} Be3 {[%clk 0:32:17]} 28. Rxd8 {[%clk 0:15:05]} Qxd8
{[%clk 0:25:53]} 29. Re1 {[%clk 0:15:07]} Nc2 {[%clk 0:21:19]} 30. Rd1
{[%clk 0:15:26]} Qb6 {[%clk 0:21:43]} 31. Bb2 {[%clk 0:15:37]} Bd4
{[%clk 0:18:36]} 32. Qe2 {[%clk 0:15:37]} Bxb2 {[%clk 0:18:47]} 33. Qxc2
{[%clk 0:16:02]} Bd4 {[%clk 0:19:12]} 34. Qc4 {[%clk 0:15:39]} Rd8
{[%clk 0:17:50]} 35. e5 {[%clk 0:14:26]} Be3 {[%clk 0:13:45]} 36. Rd3
{[%clk 0:12:49]} Rxd3 {[%clk 0:13:57]} 37. Qxd3 {[%clk 0:13:14]} Qd4
{[%clk 0:14:21]} 38. Qxd4 {[%clk 0:13:21]} 1/2-1/2

[Event "WCO2014"]
[Site "Tromso"]
[Date "2014.08.12"]
[Round "10.13"]
[WhiteID "4641833"]
[White "Paehtz Elisabeth"]
[BlackID "1201930"]
[Black "Peptan Corina-Isabela"]
[Result "1-0"]
[LiveChessVersion "1.4.3"]
[BlackElo "2422"]
[WhiteElo "2464"]

1. d4 {[%clk 1:30:58]} d5 {[%clk 1:30:41]} 2. c4 {[%clk 1:31:20]} dxc4
{[%clk 1:31:07]} 3. Nf3 {[%clk 1:31:43]} Nf6 {[%clk 1:31:32]} 4. e3
{[%clk 1:32:09]} e6 {[%clk 1:31:55]} 5. Bxc4 {[%clk 1:32:35]} a6 {[%clk 1:32:22]}
6. O-O {[%clk 1:32:58]} Nbd7 {[%clk 1:32:42]} 7. Re1 {[%clk 1:33:16]} b5
{[%clk 1:32:30]} 8. Bd3 {[%clk 1:33:37]} c5 {[%clk 1:32:35]} 9. a4
{[%clk 1:34:00]} b4 {[%clk 1:32:46]} 10. e4 {[%clk 1:34:16]} cxd4
{[%clk 1:33:11]} 11. e5 {[%clk 1:34:40]} Nd5 {[%clk 1:33:37]} 12. Nxd4
{[%clk 1:35:07]} Nc5 {[%clk 1:31:49]} 13. Bf1 {[%clk 1:23:16]} Bb7
{[%clk 1:20:18]} 14. Nd2 {[%clk 1:21:18]} Nb6 {[%clk 1:07:18]} 15. Nc4
{[%clk 1:03:12]} Nxc4 {[%clk 1:07:15]} 16. Bxc4 {[%clk 1:03:38]} Be7
{[%clk 0:58:59]} 17. Qg4 {[%clk 0:51:38]} h5 {[%clk 0:40:23]} 18. Qf4
{[%clk 0:52:00]} Rh6 {[%clk 0:35:08]} 19. Qe3 {[%clk 0:41:38]} Rg6
{[%clk 0:34:48]} 20. f3 {[%clk 0:38:30]} Qc7 {[%clk 0:17:59]} 21. b3
{[%clk 0:33:15]} Rd8 {[%clk 0:18:25]} 22. Bb2 {[%clk 0:32:58]} Bg5
{[%clk 0:18:16]} 23. Qf2 {[%clk 0:27:01]} h4 {[%clk 0:17:12]} 24. Bf1
{[%clk 0:23:48]} Bd5 {[%clk 0:13:18]} 25. Rad1 {[%clk 0:21:57]} Be7
{[%clk 0:09:40]} 26. Rc1 {[%clk 0:19:42]} Qb7 {[%clk 0:10:06]} 27. Re3
{[%clk 0:18:36]} Rc8 {[%clk 0:08:08]} 28. Rc2 {[%clk 0:11:32]} Kf8
{[%clk 0:05:53]} 29. h3 {[%clk 0:07:47]} Kg8 {[%clk 0:06:09]} 30. Kh2
{[%clk 0:06:34]} Qb8 {[%clk 0:04:51]} 31. Kh1 {[%clk 0:06:56]} Qb7
{[%clk 0:04:42]} 32. Kh2 {[%clk 0:07:19]} a5 {[%clk 0:02:58]} 33. Kg1
{[%clk 0:05:22]} Rg3 {[%clk 0:02:55]} 34. Kh2 {[%clk 0:04:38]} Rg6
{[%clk 0:02:15]} 35. Kh1 {[%clk 0:03:11]} Rd8 {[%clk 0:02:07]} 36. Qe2
{[%clk 0:02:38]} Nd7 {[%clk 0:01:23]} 37. f4 {[%clk 0:01:54]} Nc5
{[%clk 0:01:14]} 38. Kh2 {[%clk 0:01:20]} Ne4 {[%clk 0:01:26]} 39. Qb5
{[%clk 0:00:56]} Ng3 {[%clk 0:01:01]} 40. Bd3 {[%clk 0:00:50]} Rh6
{[%clk 0:00:42]} 41. Qxb7 {[%clk 0:00:33]} Bxb7 {[%clk 0:01:08]} 42. Rc7
{[%clk 0:30:59]} Kf8 {[%clk 0:28:54]} 43. Rxb7 {[%clk 0:27:50]} Bc5
{[%clk 0:29:23]} 44. Nc6 {[%clk 0:26:05]} Rc8 {[%clk 0:29:33]} 45. Re1
{[%clk 0:24:32]} Rxc6 {[%clk 0:29:32]} 46. Rb8+ {[%clk 0:22:49]} Ke7
{[%clk 0:30:00]} 47. Bb5 {[%clk 0:23:14]} 1-0

[Event "WCO2014"]
[Site "Tromso"]
[Date "2014.08.12"]
[Round "10.14"]
[WhiteID "1200496"]
[White "Foisor Cristina-Adela"]
[BlackID "14102145"]
[Black "Melamed Tatjana"]
[Result "1/2-1/2"]
[LiveChessVersion "1.4.3"]
[BlackElo "2364"]
[WhiteElo "2404"]

1. c4 {[%clk 1:30:56]} Nf6 {[%clk 1:30:54]} 2. g3 {[%clk 1:31:13]} g6
{[%clk 1:31:04]} 3. Bg2 {[%clk 1:31:15]} Bg7 {[%clk 1:31:10]} 4. Nc3
{[%clk 1:31:19]} O-O {[%clk 1:30:50]} 5. e4 {[%clk 1:30:19]} d6 {[%clk 1:28:49]}
6. Nge2 {[%clk 1:30:29]} c5 {[%clk 1:24:48]} 7. O-O {[%clk 1:30:31]} Nc6
{[%clk 1:25:16]} 8. d3 {[%clk 1:30:37]} a6 {[%clk 1:22:40]} 9. h3
{[%clk 1:30:32]} Rb8 {[%clk 1:22:52]} 10. f4 {[%clk 1:28:42]} Ne8
{[%clk 1:20:51]} 11. g4 {[%clk 1:25:06]} b5 {[%clk 1:14:58]} 12. e5
{[%clk 1:15:58]} Bb7 {[%clk 1:07:29]} 13. exd6 {[%clk 1:08:03]} Nxd6
{[%clk 1:06:41]} 14. Be3 {[%clk 1:02:09]} Nd4 {[%clk 0:56:35]} 15. cxb5
{[%clk 0:58:41]} Bxg2 {[%clk 0:55:23]} 16. Kxg2 {[%clk 0:59:06]} axb5
{[%clk 0:55:47]} 17. Ne4 {[%clk 0:57:52]} Qd7 {[%clk 0:50:14]} 18. Bxd4
{[%clk 0:53:39]} Bxd4 {[%clk 0:39:43]} 19. Nxd4 {[%clk 0:51:19]} cxd4
{[%clk 0:38:42]} 20. Qf3 {[%clk 0:49:39]} Rbc8 {[%clk 0:36:50]} 21. Rf2
{[%clk 0:49:29]} Nxe4 {[%clk 0:33:53]} 22. Qxe4 {[%clk 0:48:23]} e6
{[%clk 0:32:00]} 23. Re1 {[%clk 0:46:29]} b4 {[%clk 0:25:49]} 24. Qf3
{[%clk 0:44:46]} Rc5 {[%clk 0:23:36]} 25. Re5 {[%clk 0:40:18]} Rfc8
{[%clk 0:20:57]} 26. Rxc5 {[%clk 0:37:55]} Rxc5 {[%clk 0:21:24]} 27. g5
{[%clk 0:35:46]} Qa7 {[%clk 0:16:23]} 28. Qe4 {[%clk 0:32:48]} Qxa2
{[%clk 0:10:07]} 29. Qxd4 {[%clk 0:33:08]} Qa5 {[%clk 0:10:05]} 30. Qe3
{[%clk 0:23:31]} Qc7 {[%clk 0:08:52]} 31. Kg3 {[%clk 0:21:16]} Rxg5+
{[%clk 0:08:58]} 32. Kh2 {[%clk 0:21:41]} Rc5 {[%clk 0:09:00]} 33. Kg2
{[%clk 0:21:42]} Qc6+ {[%clk 0:08:21]} 34. Qe4 {[%clk 0:19:08]} b3
{[%clk 0:08:27]} 35. Kf3 {[%clk 0:12:00]} Rd5 {[%clk 0:08:14]} 36. Kg3
{[%clk 0:08:40]} Qc1 {[%clk 0:08:05]} 37. Qc4 {[%clk 0:02:59]} Qg1+
{[%clk 0:07:11]} 38. Kf3 {[%clk 0:03:23]} Qd1+ {[%clk 0:05:37]} 39. Ke3
{[%clk 0:03:34]} Rh5 {[%clk 0:03:48]} 40. Qc8+ {[%clk 0:02:40]} Kg7
{[%clk 0:04:14]} 41. Qc3+ {[%clk 0:03:04]} Kh6 {[%clk 0:02:36]} 42. Rf3
{[%clk 0:02:47]} Qg1+ {[%clk 0:27:16]} 43. Ke2 {[%clk 0:31:37]} Rc5
{[%clk 0:25:24]} 44. Qxb3 {[%clk 0:31:14]} Rc1 {[%clk 0:25:50]} 45. d4
{[%clk 0:27:58]} Qxd4 {[%clk 0:25:35]} 46. f5 {[%clk 0:26:21]} Rb1
{[%clk 0:23:21]} 47. Qe3+ {[%clk 0:26:08]} Qxe3+ {[%clk 0:23:39]} 48. Kxe3
{[%clk 0:26:33]} Rxb2 {[%clk 0:22:20]} 49. fxe6 {[%clk 0:26:56]} fxe6
{[%clk 0:22:20]} 50. Kf4 {[%clk 0:25:38]} Re2 {[%clk 0:21:43]} 51. Ra3
{[%clk 0:25:13]} Kh5 {[%clk 0:20:58]} 52. Kf3 {[%clk 0:25:19]} Re5
{[%clk 0:20:51]} 53. Kg3 {[%clk 0:23:26]} g5 {[%clk 0:20:55]} 54. Rb3
{[%clk 0:23:41]} Re4 {[%clk 0:20:38]} 55. Kf3 {[%clk 0:23:04]} Rf4+
{[%clk 0:19:44]} 56. Kg3 {[%clk 0:23:28]} e5 {[%clk 0:19:47]} 57. Rb6
{[%clk 0:23:37]} e4 {[%clk 0:18:27]} 58. Re6 {[%clk 0:23:56]} Rf3+
{[%clk 0:18:47]} 59. Kh2 {[%clk 0:23:02]} e3 {[%clk 0:18:29]} 60. Kg2
{[%clk 0:22:53]} Rf2+ {[%clk 0:18:42]} 61. Kg3 {[%clk 0:21:42]} Re2
{[%clk 0:18:35]} 62. Kf3 {[%clk 0:21:37]} Re1 {[%clk 0:18:52]} 63. Kg3
{[%clk 0:21:32]} Re2 {[%clk 0:13:35]} 64. Kf3 {[%clk 0:21:50]} Ra2
{[%clk 0:13:07]} 65. Kg3 {[%clk 0:14:20]} e2 {[%clk 0:13:05]} 66. Re8
{[%clk 0:13:53]} Kg6 {[%clk 0:12:19]} 67. h4 {[%clk 0:10:28]} Ra3+
{[%clk 0:11:39]} 68. Kg2 {[%clk 0:10:39]} g4 {[%clk 0:11:31]} 69. Rxe2
{[%clk 0:11:02]} Kh5 {[%clk 0:11:48]} 70. Re7 {[%clk 0:10:44]} h6
{[%clk 0:11:59]} 71. Re6 {[%clk 0:11:04]} Ra2+ {[%clk 0:11:14]} 72. Kg3
{[%clk 0:11:19]} Ra3+ {[%clk 0:11:40]} 73. Kg2 {[%clk 0:11:46]} Rh3
{[%clk 0:11:46]} 74. Ra6 {[%clk 0:12:02]} 1/2-1/2

[Event "WCO2014"]
[Site "Tromso"]
[Date "2014.08.12"]
[Round "10.15"]
[WhiteID "4690745"]
[White "Ohme Melanie"]
[BlackID "1210246"]
[Black "L'ami Alina"]
[Result "1-0"]
[LiveChessVersion "1.4.3"]
[BlackElo "2446"]
[WhiteElo "2301"]

1. e4 {[%clk 1:30:58]} c5 {[%clk 1:30:54]} 2. Ne2 {[%clk 1:31:15]} d6
{[%clk 1:31:04]} 3. g3 {[%clk 1:31:31]} g6 {[%clk 1:29:32]} 4. Bg2
{[%clk 1:31:55]} Bg7 {[%clk 1:29:48]} 5. c3 {[%clk 1:31:41]} Nc6 {[%clk 1:25:38]}
6. d4 {[%clk 1:28:11]} Bg4 {[%clk 1:16:20]} 7. f3 {[%clk 1:24:40]} Bd7
{[%clk 1:14:31]} 8. d5 {[%clk 1:16:59]} Ne5 {[%clk 1:07:10]} 9. f4
{[%clk 1:15:11]} Nc4 {[%clk 1:06:02]} 10. b3 {[%clk 1:08:34]} Na5
{[%clk 1:03:09]} 11. Nd2 {[%clk 1:06:15]} b5 {[%clk 0:54:28]} 12. Rb1
{[%clk 1:04:39]} Nf6 {[%clk 0:45:13]} 13. O-O {[%clk 0:59:34]} O-O
{[%clk 0:43:53]} 14. h3 {[%clk 0:54:40]} e6 {[%clk 0:36:10]} 15. c4
{[%clk 0:47:02]} exd5 {[%clk 0:30:26]} 16. cxd5 {[%clk 0:47:27]} Rc8
{[%clk 0:26:26]} 17. Bb2 {[%clk 0:44:57]} c4 {[%clk 0:21:53]} 18. b4
{[%clk 0:39:57]} Nb7 {[%clk 0:22:08]} 19. e5 {[%clk 0:25:53]} Ne8
{[%clk 0:22:05]} 20. Re1 {[%clk 0:23:53]} a5 {[%clk 0:15:43]} 21. a3
{[%clk 0:24:14]} axb4 {[%clk 0:16:06]} 22. axb4 {[%clk 0:24:40]} Bf5
{[%clk 0:15:21]} 23. Rc1 {[%clk 0:22:15]} dxe5 {[%clk 0:09:49]} 24. fxe5
{[%clk 0:22:37]} Bh6 {[%clk 0:10:10]} 25. Nf4 {[%clk 0:18:02]} Ng7
{[%clk 0:07:48]} 26. d6 {[%clk 0:16:50]} Bxf4 {[%clk 0:05:56]} 27. gxf4
{[%clk 0:17:18]} Ne6 {[%clk 0:05:52]} 28. Qf3 {[%clk 0:15:39]} Qb6+
{[%clk 0:05:13]} 29. Kh2 {[%clk 0:15:57]} Nbd8 {[%clk 0:05:34]} 30. Nf1
{[%clk 0:14:53]} Nc6 {[%clk 0:05:07]} 31. Bc3 {[%clk 0:13:10]} Ncd4
{[%clk 0:04:25]} 32. Qg3 {[%clk 0:12:10]} Bd3 {[%clk 0:04:03]} 33. Ne3
{[%clk 0:10:28]} Nf5 {[%clk 0:02:03]} 34. Nxf5 {[%clk 0:09:21]} Bxf5
{[%clk 0:02:31]} 35. Ra1 {[%clk 0:07:30]} Rb8 {[%clk 0:02:20]} 36. Ra2
{[%clk 0:05:30]} Nd4 {[%clk 0:01:14]} 37. Rd1 {[%clk 0:04:46]} Bd3
{[%clk 0:01:16]} 38. Qf2 {[%clk 0:02:03]} Nf5 {[%clk 0:01:07]} 39. Qxb6
{[%clk 0:01:45]} Rxb6 {[%clk 0:01:36]} 40. Rda1 {[%clk 0:01:31]} Nh4
{[%clk 0:00:34]} 41. Ra8 {[%clk 0:22:50]} Rbb8 {[%clk 0:24:27]} 42. Rxb8
{[%clk 0:21:49]} Rxb8 {[%clk 0:24:13]} 43. Ra8 {[%clk 0:20:58]} Rxa8
{[%clk 0:24:22]} 44. Bxa8 {[%clk 0:21:23]} Kf8 {[%clk 0:20:29]} 45. e6
{[%clk 0:19:06]} fxe6 {[%clk 0:18:38]} 46. Bf6 {[%clk 0:18:41]} 1-0

[Event "WCO2014"]
[Site "Tromso"]
[Date "2014.08.12"]
[Round "10.16"]
[WhiteID "13903063"]
[White "Bulmaga Irina"]
[BlackID "24606812"]
[Black "Hoolt Sarah"]
[Result "1-0"]
[LiveChessVersion "1.4.3"]
[BlackElo "2318"]
[WhiteElo "2354"]

1. e4 {[%clk 1:30:57]} c5 {[%clk 1:30:58]} 2. Nf3 {[%clk 1:31:20]} e6
{[%clk 1:31:24]} 3. d4 {[%clk 1:31:43]} cxd4 {[%clk 1:31:52]} 4. Nxd4
{[%clk 1:32:05]} Nc6 {[%clk 1:32:19]} 5. Nc3 {[%clk 1:32:22]} Qc7
{[%clk 1:32:45]} 6. Be3 {[%clk 1:32:39]} a6 {[%clk 1:33:09]} 7. Qd2
{[%clk 1:32:48]} Nf6 {[%clk 1:33:32]} 8. f4 {[%clk 1:33:06]} b5 {[%clk 1:32:06]}
9. e5 {[%clk 1:32:44]} b4 {[%clk 1:31:33]} 10. Ncb5 {[%clk 1:30:15]} axb5
{[%clk 1:31:34]} 11. Nxb5 {[%clk 1:30:39]} Qb8 {[%clk 1:30:37]} 12. exf6
{[%clk 1:31:00]} gxf6 {[%clk 1:29:54]} 13. c4 {[%clk 1:28:32]} bxc3
{[%clk 1:17:11]} 14. bxc3 {[%clk 1:28:54]} Ba6 {[%clk 1:15:25]} 15. Rb1
{[%clk 1:27:44]} Bxb5 {[%clk 1:15:29]} 16. Bxb5 {[%clk 1:26:27]} Qd6
{[%clk 1:10:08]} 17. Qf2 {[%clk 1:11:34]} Qa3 {[%clk 1:06:44]} 18. O-O
{[%clk 1:11:05]} Bd6 {[%clk 1:02:28]} 19. Rfd1 {[%clk 1:08:56]} Bb8
{[%clk 0:45:35]} 20. Bxc6 {[%clk 0:56:54]} dxc6 {[%clk 0:45:32]} 21. Bc5
{[%clk 0:56:38]} Qa6 {[%clk 0:41:41]} 22. Qd4 {[%clk 0:55:52]} 1-0

[Event "WCO2014"]
[Site "Tromso"]
[Date "2014.08.12"]
[Round "10.9"]
[WhiteID "13601903"]
[White "Dzagnidze Nana"]
[BlackID "1106619"]
[Black "Socko Monika"]
[Result "1-0"]
[LiveChessVersion "1.4.3"]
[BlackElo "2470"]
[WhiteElo "2550"]

1. d4 {[%clk 1:30:56]} e6 {[%clk 1:30:52]} 2. c4 {[%clk 1:30:18]} Nf6
{[%clk 1:31:17]} 3. Nf3 {[%clk 1:30:39]} Bb4+ {[%clk 1:31:42]} 4. Bd2
{[%clk 1:30:47]} Qe7 {[%clk 1:32:07]} 5. g3 {[%clk 1:28:31]} Bxd2+
{[%clk 1:32:19]} 6. Qxd2 {[%clk 1:28:34]} Nc6 {[%clk 1:32:37]} 7. Nc3
{[%clk 1:28:28]} d5 {[%clk 1:32:41]} 8. Bg2 {[%clk 1:25:56]} dxc4
{[%clk 1:32:16]} 9. O-O {[%clk 1:24:39]} O-O {[%clk 1:27:51]} 10. Ne5
{[%clk 1:15:12]} Nxe5 {[%clk 1:27:59]} 11. dxe5 {[%clk 1:15:39]} Nd7
{[%clk 1:27:33]} 12. f4 {[%clk 1:15:31]} Rb8 {[%clk 1:24:31]} 13. Rad1
{[%clk 1:01:16]} Nb6 {[%clk 1:14:19]} 14. g4 {[%clk 0:58:09]} Bd7
{[%clk 1:12:30]} 15. Qe3 {[%clk 0:56:45]} Bc6 {[%clk 1:09:46]} 16. f5
{[%clk 0:46:54]} exf5 {[%clk 1:07:23]} 17. gxf5 {[%clk 0:46:57]} Rbe8
{[%clk 1:03:56]} 18. Bxc6 {[%clk 0:45:13]} bxc6 {[%clk 1:04:23]} 19. Rf4
{[%clk 0:43:21]} Nd7 {[%clk 0:44:55]} 20. Ne4 {[%clk 0:24:14]} Rd8
{[%clk 0:37:38]} 21. Rxd7 {[%clk 0:14:56]} Qxd7 {[%clk 0:33:47]} 22. Nf6+
{[%clk 0:14:40]} gxf6 {[%clk 0:29:49]} 23. Rg4+ {[%clk 0:15:03]} Kh8
{[%clk 0:30:16]} 24. Qh6 {[%clk 0:15:25]} Qd4+ {[%clk 0:24:57]} 25. Rxd4
{[%clk 0:15:48]} Rg8+ {[%clk 0:25:26]} 26. Kf2 {[%clk 0:15:59]} Rxd4
{[%clk 0:25:54]} 27. Qxf6+ {[%clk 0:16:23]} Rg7 {[%clk 0:26:23]} 28. e6
{[%clk 0:15:55]} Rd6 {[%clk 0:26:51]} 29. Qxg7+ {[%clk 0:15:05]} 1-0

[Event "WCO2014"]
[Site "Tromso"]
[Date "2014.08.12"]
[Round "10.10"]
[WhiteID "1122320"]
[White "Zawadzka Jolanta"]
[BlackID "13602640"]
[Black "Khotenashvili Bela"]
[Result "0-1"]
[LiveChessVersion "1.4.3"]
[BlackElo "2494"]
[WhiteElo "2398"]

1. e4 {[%clk 1:30:57]} e5 {[%clk 1:30:55]} 2. Nf3 {[%clk 1:31:22]} Nc6
{[%clk 1:31:14]} 3. Bb5 {[%clk 1:31:47]} a6 {[%clk 1:31:37]} 4. Ba4
{[%clk 1:32:12]} Nf6 {[%clk 1:31:58]} 5. O-O {[%clk 1:32:34]} Nxe4
{[%clk 1:32:17]} 6. d4 {[%clk 1:32:10]} b5 {[%clk 1:32:37]} 7. Bb3
{[%clk 1:32:36]} d5 {[%clk 1:33:03]} 8. dxe5 {[%clk 1:32:46]} Be6
{[%clk 1:33:14]} 9. Nbd2 {[%clk 1:32:53]} Bc5 {[%clk 1:33:19]} 10. Qe2
{[%clk 1:32:15]} Nxd2 {[%clk 1:33:27]} 11. Bxd2 {[%clk 1:32:33]} O-O
{[%clk 1:33:37]} 12. Rad1 {[%clk 1:19:27]} Bg4 {[%clk 1:33:39]} 13. c3
{[%clk 1:13:05]} Re8 {[%clk 1:33:33]} 14. Bf4 {[%clk 1:09:29]} Nxe5
{[%clk 1:33:11]} 15. Bxe5 {[%clk 1:02:30]} c6 {[%clk 1:33:02]} 16. c4
{[%clk 0:53:52]} bxc4 {[%clk 1:29:42]} 17. Ba4 {[%clk 0:46:16]} Rc8
{[%clk 1:27:26]} 18. b3 {[%clk 0:39:57]} Bd6 {[%clk 1:18:59]} 19. Qb2
{[%clk 0:29:02]} Bxf3 {[%clk 1:12:52]} 20. Rde1 {[%clk 0:28:42]} Rxe5
{[%clk 1:05:16]} 21. Rxe5 {[%clk 0:27:38]} Qf6 {[%clk 1:00:11]} 22. Rfe1
{[%clk 0:22:57]} Be4 {[%clk 0:55:29]} 23. f4 {[%clk 0:21:10]} Qxf4
{[%clk 0:47:20]} 24. R5xe4 {[%clk 0:21:03]} dxe4 {[%clk 0:47:22]} 25. g3
{[%clk 0:16:49]} Bc5+ {[%clk 0:42:45]} 26. Kh1 {[%clk 0:17:10]} c3
{[%clk 0:29:53]} 27. Qxc3 {[%clk 0:14:50]} Qf2 {[%clk 0:29:52]} 28. Rc1
{[%clk 0:09:44]} Be3 {[%clk 0:29:20]} 0-1